000 01057nac a22002651u 4500
010 _a2004109025
020 _a0534423817 (hbk.)
020 _a0534424686 (CD-ROM)
035 _a(OCoLC)ocm57420489
082 0 0 _a330.015195
_bM9968
090 _c1303
_d1303
100 _aMyerson, Roger B.
245 1 0 _aProbability models for economic decisions /
_cRoger B. Myerson.
260 _aBelmont, CA :
_bThomson/Brooke/Cole,
_cc2005.
300 _axxiv, 397 p. :
_bill. ;
_c25 cm. +
_e1 CD-ROM (4 3/4 in.)
440 0 _aDuxbury applied series
504 _aIncludes bibliographical references (p. 387-388) and index.
538 _aSystem requirements for accompanying CD-ROM: Microsoft Windows; Microsoft Excel.
650 0 _aDecision making
_xMathematical models.
650 0 _aEconomics, Mathematical.
650 0 _aProbabilities.
650 0 _aStatistical decision.
942 _cBB
_k330.015195M9968
999 _c1303
_d1303